logical (Lyrics)- Olivia Rodrigo - Statistics

General Stats
  • This quiz has been taken 130 times
  • The average score is 308 of 361
Answer Stats
Answer % Correct
a
99%
I
99%
you
99%
You
99%
is
96%
logical
96%
Logical
96%
the
96%
The
96%
do
95%
love
95%
Love
95%
me
95%
so
95%
your
95%
And
93%
and
93%
don't
92%
equals
92%
five
92%
I'm
92%
never
92%
plus
92%
Then
92%
Two
92%
two
92%
No
91%
of
91%
life
89%
was
89%
if
88%
in
88%
my
88%
That
88%
that
88%
thinkin'
88%
to
88%
all
87%
all?
87%
oh
87%
Oh
87%
shine
87%
sun
87%
got
86%
possible
86%
could
84%
did
84%
girl
84%
pour
84%
sky
84%
what
84%
'Cause
83%
It
83%
it
83%
now
83%
rain
83%
red
83%
said
83%
Said
83%
But
82%
every
82%
for
82%
sure
82%
you're
82%
are
80%
Can't
80%
can't
80%
friend
80%
grass
80%
Hear
80%
like
80%
really
80%
too
80%
changing
79%
God
79%
green
79%
loving
79%
over
79%
things
79%
Argument
78%
get
78%
good
78%
have
78%
head
78%
lied
78%
couldn't
76%
held
76%
manipulator
76%
Master
76%
off
76%
why
76%
at
75%
instead
75%
know
75%
problems
75%
stupid
75%
this?
75%
young
75%
Come
74%
from
74%
girls
74%
always
72%
February
72%
feel
72%
fell
72%
mind
72%
take
72%
water
72%
words
72%
Brought
71%
deny
71%
horrible
71%
joke
71%
look
71%
makes
71%
mean
71%
responsible
71%
stop
71%
Falls
70%
half
70%
I'd
70%
lately
70%
solvable
70%
up
70%
didn't
68%
hell
68%
rumors
68%
savior
68%
put
67%
see
67%
soft
67%
With
67%
guess
66%
myself
66%
out
66%
tried
66%
way
66%
built
64%
those
64%
through
64%
baby
63%
castle
63%
convinced
63%
high
63%
giant
62%
walls
61%
stopped
58%
stronger
57%
could've
55%
current's
54%
unraveled
51%
Our
50%
shne
4%
No matching quizzes found
Score Distribution
Percent of People with Each Score
Percentile by Number Answered
Your Score History
You have not taken this quiz